The South Asian military law systems / (Record no. 52827)

MARC details
000 -LEADER
fixed length control field 01064nam a22003017a 4500
005 - DATE AND TIME OF LATEST TRANSACTION
control field 20110613101710.0
008 - FIXED-LENGTH DATA ELEMENTS--GENERAL INFORMATION
fixed length control field 110613t xxu||||| |||| 00| 0 eng d
010 ## - LCCN (DPL NO)
LC control number ENG-102581
020 ## - INTERNATIONAL STANDARD BOOK NUMBER
International Standard Book Number 9789380502434
Terms of availability 740.00
035 ## - SYSTEM CONTROL NUMBER
System control number EN-86114
037 ## - SOURCE OF ACQUISITION
Source of stock number/acquisition DBAD / PUB
040 ## - CATALOGING SOURCE
Original cataloging agency dpl
Language of cataloging English
082 ## - DEWEY DECIMAL CLASSIFICATION NUMBER
Classification number 341.5840954
100 ## - MAIN ENTRY--PERSONAL NAME
9 (RLIN) 28493
Personal name Jha, U. C.
110 ## - MAIN ENTRY--CORPORATE NAME
9 (RLIN) 28532
245 ## - TITLE STATEMENT
Title The South Asian military law systems /
Statement of responsibility, etc by U. C. Jha
260 ## - PUBLICATION, DISTRIBUTION, ETC. (IMPRINT)
Place of publication, distribution, etc New Delhi
Name of publisher, distributor, etc KW Publishers
Date of publication, distribution, etc 2010
270 ## - ADDRESS
Address 4676/21, First Floor, Ansari Road, Daryaganj
City New Delhi
Postal code 110002
Telephone number 91.11.23263498/43528107
300 ## - PHYSICAL DESCRIPTION
Extent xii, 268 p
Dimensions 25cm (Hb)
500 ## - GENERAL NOTE
General note Includes bibliographical references (p. [259]-264) and index.
610 ## - SUBJECT ADDED ENTRY--CORPORATE NAME
9 (RLIN) 28529
650 ## - SUBJECT ADDED ENTRY--TOPICAL TERM
9 (RLIN) 28496
Topical term or geographic name as entry element Military law
Geographic subdivision South Asia
651 ## - SUBJECT ADDED ENTRY--GEOGRAPHIC NAME
9 (RLIN) 28530
700 ## - ADDED ENTRY--PERSONAL NAME
9 (RLIN) 28520
710 ## - ADDED ENTRY--CORPORATE NAME
9 (RLIN) 28535
942 ## - ADDED ENTRY ELEMENTS (KOHA)
Source of classification or shelving scheme Dewey Decimal Classification
Item type English Books
Classification part 341.5840954
Call number suffix JHA
Holdings
Withdrawn status Lost status Source of classification or shelving scheme Damaged status Not for loan Collection code Home library Current library Date acquired Source of acquisition Cost, normal purchase price Total Checkouts Full call number Barcode Date last seen Copy number Cost, replacement price Koha item type
    Dewey Decimal Classification   Not For Loan Non-fiction D.B.Act.Division D.B.Act.Division 13/06/2011 DBAD/PUB 740.00   341.5840954 JHA EN-86114 13/06/2011 1 740.00 English Books

© Delhi Public Library
Hit Counter
free hit counter